Wireless network security (Record no. 5842)
[ view plain ]
| 000 -LEADER | |
|---|---|
| fixed length control field | 00690nam a22002537a 4500 |
| 003 - CONTROL NUMBER IDENTIFIER | |
| control field | OSt |
| 005 - DATE AND TIME OF LATEST TRANSACTION | |
| control field | 20220107122833.0 |
| 008 - FIXED-LENGTH DATA ELEMENTS--GENERAL INFORMATION | |
| fixed length control field | 170818b xxu||||| |||| 00| 0 eng d |
| 020 ## - INTERNATIONAL STANDARD BOOK NUMBER | |
| International Standard Book Number | 9788184892376 |
| 040 ## - CATALOGING SOURCE | |
| Transcribing agency | IIITMK |
| 082 ## - DEWEY DECIMAL CLASSIFICATION NUMBER | |
| Classification number | 005.82 XIA/W |
| 100 ## - MAIN ENTRY--PERSONAL NAME | |
| Personal name | Xiao, Yang |
| 9 (RLIN) | 12868 |
| 245 ## - TITLE STATEMENT | |
| Title | Wireless network security |
| 260 ## - PUBLICATION, DISTRIBUTION, ETC. | |
| Place of publication, distribution, etc. | New York, |
| Name of publisher, distributor, etc. | Springer, |
| Date of publication, distribution, etc. | 2007. |
| 300 ## - PHYSICAL DESCRIPTION | |
| Extent | viii,422p |
| 440 ## - SERIES STATEMENT/ADDED ENTRY--TITLE | |
| Title | Signals and communication technology |
| 9 (RLIN) | 12869 |
| 650 ## - SUBJECT ADDED ENTRY--TOPICAL TERM | |
| Topical term or geographic name entry element | COMPUTER SCIENCE |
| 9 (RLIN) | 12870 |
| 650 ## - SUBJECT ADDED ENTRY--TOPICAL TERM | |
| Topical term or geographic name entry element | NETWORK SECURITY |
| 9 (RLIN) | 12871 |
| 650 ## - SUBJECT ADDED ENTRY--TOPICAL TERM | |
| Topical term or geographic name entry element | CRYPTOGRAPHY |
| 9 (RLIN) | 12872 |
| 650 ## - SUBJECT ADDED ENTRY--TOPICAL TERM | |
| Topical term or geographic name entry element | MOBILE SECURITY |
| 9 (RLIN) | 12873 |
| 700 ## - ADDED ENTRY--PERSONAL NAME | |
| Personal name | Shen, Xuemin |
| 9 (RLIN) | 12874 |
| 700 ## - ADDED ENTRY--PERSONAL NAME | |
| Personal name | Du, Ding-zhu |
| 9 (RLIN) | 12875 |
| 942 ## - ADDED ENTRY ELEMENTS (KOHA) | |
| Source of classification or shelving scheme | Dewey Decimal Classification |
| Koha item type | Books |
| Withdrawn status | Lost status | Source of classification or shelving scheme | Damaged status | Not for loan | Collection code | Home library | Current library | Shelving location | Date acquired | Cost, normal purchase price | Total Checkouts | Full call number | Barcode | Date last seen | Price effective from | Koha item type |
|---|---|---|---|---|---|---|---|---|---|---|---|---|---|---|---|---|
| Dewey Decimal Classification | Cryptography/ Cyber Security | Kerala University of Digital Sciences, Innovation and Technology Knowledge Centre | Kerala University of Digital Sciences, Innovation and Technology Knowledge Centre | Computer Science | 18/08/2017 | 596.00 | 005.82 XIA/W | 4902 | 03/12/2020 | 18/08/2017 | Books | |||||
| Dewey Decimal Classification | Cryptography/ Cyber Security | Kerala University of Digital Sciences, Innovation and Technology Knowledge Centre | Kerala University of Digital Sciences, Innovation and Technology Knowledge Centre | Computer Science | 08/09/2017 | 596.00 | 005.82 XIA/W;1 | 4939 | 03/12/2020 | 08/09/2017 | Books | |||||
| Dewey Decimal Classification | Cryptography/ Cyber Security | Kerala University of Digital Sciences, Innovation and Technology Knowledge Centre | Kerala University of Digital Sciences, Innovation and Technology Knowledge Centre | Computer Science | 08/09/2017 | 596.00 | 005.82 XIA/W;2 | 4940 | 03/12/2020 | 08/09/2017 | Books |